How the dead speak

Bibliographic Details
Main Author: McDermid, Val
Format: Book
Published: London : Little, Brown , 2019
Subjects:

MARC

LEADER 00000cam a2200000 7i4500
001 0000278458
005 20201207141213.0
020 |a 9781408712269 
090 0 |a F   |b MCD 
100 1 |a McDermid, Val 
245 1 0 |a How the dead speak   |c Val McDermid 
260 |a London :   |b Little, Brown ,   |c 2019 
300 |a 407p. ;   |c 23cm. 
650 0 |a Fiction 
999 |a 00385783   |b BUKU   |c PINJAMAN   |e PERPUSTAKAAN KOMUNITI PETALING JAYA